The long view / (Record no. 590117)

000 -LEADER
fixed length control field 00775cam a2200277 i 4500
001 - CONTROL NUMBER
control field 2677719
003 - CONTROL NUMBER IDENTIFIER
control field NUST
005 - DATE AND TIME OF LATEST TRANSACTION
control field 20220606110111.0
008 - FIXED-LENGTH DATA ELEMENTS--GENERAL INFORMATION
fixed length control field 741231r1974 nyu b 001 0 eng
010 ## - LIBRARY OF CONGRESS CONTROL NUMBER
LC control number 74007737
020 ## - INTERNATIONAL STANDARD BOOK NUMBER
International Standard Book Number 0394472489 : HBK
Terms of availability $15.00
038 ## - RECORD CONTENT LICENSOR
Staff Name Arshad
040 ## - CATALOGING SOURCE
Original cataloging agency DLC
Transcribing agency DLC
Modifying agency DLC
050 00 - LIBRARY OF CONGRESS CALL NUMBER
Classification number PN1993.5.A1
Item number W74 1974b
082 00 - DEWEY DECIMAL CLASSIFICATION NUMBER
Classification number 791.4309
Author Mark WRI
100 1# - MAIN ENTRY--PERSONAL NAME
Personal name Wright, Basil.
9 (RLIN) 7620
245 14 - TITLE STATEMENT
Title The long view /
Statement of responsibility, etc. Basil Wright.
250 ## - EDITION STATEMENT
Edition statement 1st American ed.
260 ## - PUBLICATION, DISTRIBUTION, ETC.
Place of publication, distribution, etc. New York :
Name of publisher, distributor, etc. Knopf,
Date of publication, distribution, etc. 1974.
300 ## - PHYSICAL DESCRIPTION
Extent xv, 709, xxii p. ;
Dimensions 25 cm.
500 ## - GENERAL NOTE
General note Includes indexes.
504 ## - BIBLIOGRAPHY, ETC. NOTE
Bibliography, etc. note Bibliography: p. 697-709.
650 #0 - SUBJECT ADDED ENTRY--TOPICAL TERM
Topical term or geographic name entry element Motion pictures
General subdivision History.
9 (RLIN) 7621
906 ## - LOCAL DATA ELEMENT F, LDF (RLIN)
a 7
b cbc
c orignew
d 2
e ocip
f 19
g y-gencatlg
942 ## - ADDED ENTRY ELEMENTS (KOHA)
Source of classification or shelving scheme
Koha item type Book
Holdings
Withdrawn status Lost status Source of classification or shelving scheme Damaged status Not for loan Permanent Location Current Location Date acquired Total Checkouts Full call number Barcode Date last seen Price effective from Koha item type
          Central Library (CL) Central Library (CL) 06/06/2022   791.4309 WRI CL3334 06/06/2022 06/06/2022 Book
© 2023 Central Library, National University of Sciences and Technology. All Rights Reserved.